Evidencia a zdaňovanie použitia motorového vozidla v majetku podnikateľského subjektu
Výdavky na obstaranie a náklady na prevádzku motorového vozidla a ich vplyv na výsledok hospodárenia a základ dane z príjmov. Odpočítanie dane z pridanej hodnoty pri podnikaní s motorovým vozidlom. Legislatívne zmeny.
Enregistré dans:
| Auteur principal: | |
|---|---|
| Format: | Chapitre de livre |
| Langue: | slovaque |
| Sujets: | |
| Tags: |
Pas de tags, Soyez le premier à ajouter un tag!
|
MARC
| LEADER | 00000naa$a2200000$$$4500 | ||
|---|---|---|---|
| 001 | 0196709 | ||
| 005 | 20240502083459.5 | ||
| 041 | 0 | |a slo | |
| 044 | |a CZ | ||
| 245 | 1 | 0 | |a Evidencia a zdaňovanie použitia motorového vozidla v majetku podnikateľského subjektu |c Sylvia Kastlerová |
| 520 | |a Výdavky na obstaranie a náklady na prevádzku motorového vozidla a ich vplyv na výsledok hospodárenia a základ dane z príjmov. Odpočítanie dane z pridanej hodnoty pri podnikaní s motorovým vozidlom. Legislatívne zmeny. | ||
| 610 | 2 | 0 | |a obstarávanie |
| 610 | 2 | 0 | |a náklady daňové |
| 610 | 2 | 0 | |a výdavky daňové |
| 610 | 2 | 0 | |a zdaňovanie |
| 610 | 2 | 0 | |a odpočet dane |
| 610 | 2 | 0 | |a účtovníctvo daňové |
| 610 | 2 | 0 | |a dane z hodnoty pridanej |
| 100 | 1 | |a Kastlerová, Sylvia | |